Statistics for Countries with Compass Directions in its Name

Click here to take the quiz!

General Stats

  • This quiz has been taken 38 times
  • The average score is 4 of 5

Answer Stats

Country% Correct
South Korea
93%
North Korea
86%
South Africa
86%
East Timor
79%
South Sudan
79%

Score Distribution

Percentile by Number Answered

Percent of People with Each Score

Your Score History

You have not taken this quiz